Diplomatic Terminology Dictionary (Record no. 1485)

000 -LEADER
fixed length control field 00539nam a22001817a 4500
003 - CONTROL NUMBER IDENTIFIER
control field OSt
005 - DATE AND TIME OF LATEST TRANSACTION
control field 20150204123300.0
008 - FIXED-LENGTH DATA ELEMENTS--GENERAL INFORMATION
fixed length control field 150204b xxu||||| |||| 00| 0 eng d
020 ## - INTERNATIONAL STANDARD BOOK NUMBER
International Standard Book Number 9789987531363
050 ## - LIBRARY OF CONGRESS CALL NUMBER
Classification number REF PL 8701.4 .M88 2012
100 ## - MAIN ENTRY--PERSONAL NAME
Personal name Mutiso, Mutinda
245 ## - TITLE STATEMENT
Title Diplomatic Terminology Dictionary
Statement of responsibility, etc Mutinda Mutiso
260 ## - PUBLICATION, DISTRIBUTION, ETC. (IMPRINT)
Place of publication, distribution, etc Dar es Salaam
Name of publisher, distributor, etc Taasisi ya Taluma za Kiswahili
Date of publication, distribution, etc 2012
300 ## - PHYSICAL DESCRIPTION
Extent ii,151p.
650 ## - SUBJECT ADDED ENTRY--TOPICAL TERM
Topical term or geographic name as entry element Dictionaries
General subdivision English- Swahili
650 ## - SUBJECT ADDED ENTRY--TOPICAL TERM
Topical term or geographic name as entry element Dictionaries
General subdivision Diplomatic terminoolgies
942 ## - ADDED ENTRY ELEMENTS (KOHA)
Source of classification or shelving scheme
Koha item type Reference material
Holdings
Withdrawn status Lost status Source of classification or shelving scheme Damaged status Not for loan Home library Current library Shelving location Date acquired Total Checkouts Full call number Barcode Date last seen Copy number Price effective from Koha item type
          Riara University Library Riara University Library General stack 04/02/2015   REF PL 8701.4 .M88 2012 5265/15 04/02/2015 C.1 04/02/2015 Reference material
          Riara University Library Riara University Library General stack 04/02/2015   REF PL 8701.4 .M88 2012 5266/15 04/02/2015 C.2 04/02/2015 Reference material

Riara University Library,
P.O. Box 49940-00100,
Nairobi, Kenya.